| 000 | 01124nam0a22002771 4500 | ||
|---|---|---|---|
| 001 | rc\2304588 | ||
| 005 | 20250623073530.0 | ||
| 035 | _a(NLR Aleph) 006668970 | ||
| 090 |
_a4969912 _c4969912 |
||
| 100 | _a20110829d1977 |||y0rusy50 ca | ||
| 101 | 0 | _arus | |
| 102 | _aRU | ||
| 105 | _aa z ||||| | ||
| 200 | 1 |
_aИзмерение частичных разрядов в изоляции оборудования высокого напряжения энергосистем _fП.М. Сви _gВсесоюз. гос. трест по организации и рационализации район. электр. станций и сетей |
|
| 210 |
_aМосква _cЭнергия _d1977 |
||
| 215 |
_a199 с. _cил. _d21 |
||
| 320 | _aСписок лит.: с. 194-197 (51 назв.) | ||
| 606 |
_aЭлектрический разряд _xИзмерение _2rkp |
||
| 700 | 1 |
_aСви _bП.М. _gПавел Максович |
|
| 801 | 0 |
_aRU _bNLR _gpsbo |
|
| 801 | 1 |
_aRU _bELAR _2rusmarc |
|
| 852 |
_aNLR _j77-5/8616 |
||
| 899 |
_aRuMoRGB _jБ 77-31/1182 |
||
| 899 |
_aRuMoRGB _jБ 77-31/1183 |
||
| 942 | _cBOOK | ||
| 980 | _aNB | ||